exchange risk, political risk, and macroeconomic equilibrium

Na minha lista:
Detalhes bibliográficos
Autor principal: Eaton, Jonathan
Outros Autores: Turnovsky, Stephen J.
Formato: Livro
Idioma:inglês
Publicado em: New Haven Yale University 1983
Colecção:Center Paper no. 334
Tags: Adicionar Tag
Sem tags, seja o primeiro a adicionar uma tag!

MARC

LEADER 00000nam a2200000 4500
001 c135164
005 20181203150505.6
041 0 |a eng 
044 |a US 
245 1 0 |a exchange risk, political risk, and macroeconomic equilibrium  |c Jonathan Eaton, Stephen J. Turnovsky 
264 1 |a New Haven  |b Yale University  |c 1983 
300 |a S. 183-189 
490 1 |a Center Paper  |v no. 334 
830 0 |a Center Paper  |v no. 334 
100 1 |a Eaton, Jonathan 
700 1 |a Turnovsky, Stephen J.